000 00267nam a22001217a 4500
008 180104b xxu||||| |||| 00| 0 eng d
041 _aeng
080 _a338
100 _a52
101 _aMAN
245 _aTHE PROGRESS OF MANAGEMENT
_cWARREN.L
942 _2udc
_cBK
999 _c39672
_d39672